Statistics for The 1975 - Antichrist Lyrics

Click here to take the quiz!

General Stats

  • This quiz has been taken 23 times
  • The average score is 229 of 272

Answer Stats

Answer% Correct
a
100%
And
100%
and
100%
for
100%
I
100%
in
100%
is
100%
Is
100%
that
100%
the
100%
to
100%
we
100%
you?"
100%
you
100%
you?
100%
all
90%
ghost
90%
he
90%
his
90%
house
90%
it
90%
live
90%
love
90%
my
90%
of
90%
on
90%
same
90%
there's
90%
too
90%
your
90%
as
80%
blood
80%
Blood
80%
can
80%
capricious
80%
comes
80%
covered
80%
goes
80%
hands
80%
just
80%
much
80%
so
80%
swear
80%
this
80%
understanding
80%
Well
80%
well
80%
wife
80%
appears
70%
But
70%
can't
70%
course
70%
criminals
70%
dear
70%
island
70%
liars
70%
like
70%
mine
70%
off
70%
She
70%
tongue
70%
wash
70%
who
70%
work
70%
Archaic
60%
content
60%
doesn't
60%
feel
60%
"How
60%
I'm
60%
inquired
60%
relate
60%
rushed
60%
said
60%
somebody
60%
speak?
60%
them
60%
treading
60%
water
60%
Keep
50%
cells
40%
privilege
40%

Score Distribution

Percentile by Number Answered

Percent of People with Each Score

Your Score History

You have not taken this quiz